000 00539nam a2200181Ia 4500
001 10281
005 20260306161820.0
008 260306t1943||||xx |||||||||||||| ||spa||
041 _aESP
082 _a914.6
_bC17
100 _aDirección General del Turismo
_eAUT
245 0 _aApología turística de España:
_bCuatrocientas treinta y nueve fotografías de paisajes, monumentos y aspectos típicos españoles
260 _c1943
300 _a237 páginas :
_c30 cm.
650 _aGEN
654 _aCHU
942 _cLIB
_dJUS
_fJUS
_2ddc
_n
999 _c10281
_d10281